• 首页
  • 本馆介绍
  • 公告通知
  • 最新文献
  • 馆藏检索
  • 电子资源
  • 读者导购
  • 参考咨询
  • 我的图书馆
  • 登录
  • 详细信息显示
  • 放入我的书架
  • 预约/预借图书
  • 作者相关作品
  • 分类相关作品
  • 丛书相关作品
  • 出版社相关作品

书目信息

  • 表格格式
  • 工作单格式
  • 卡片格式
书名: Encyclop?dia Britannica world atlas
作者:
分册号:
分册名:
出版地: New York :
 
出版社: C. S. Hammond
出版时间: 1964.
页数: viii, 416 p., [140] p. of col. :
开本: 43 cm.
丛书名:
中图分类号:
科图分类号:
其他分类号: K991
主题词:
电子资源:
000 00852nem a2200265u 450
001 E0752962409
005 20070425144457.20
007 ad canzn
008 820522s1964 e eng
010    @amap50000604
035    @A(DLC)map50000604
040    @aDLC@cCarP@dDLC
050 00 @aG1019@b.E61 1949
090    @aK991
099    @dK991@ex23
110 2  @aEncyclop?dia Britannica. [from old catalog]
245 00 @aEncyclop?dia Britannica world atlas.
250    @aTrade ed.
260    @aNew York :@bC. S. Hammond,@c1964.
300    @aviii, 416 p., [140] p. of col. :@bmaps, 123 p. illus., col. maps. ;@c43 cm.
650  0 @aAtlases. [from old catalog]
710 0  @aHammond (C. S.) and Company, inc. [from old catalog]
906    @a0@bcbc@cpremunv@du@encip@f19@gy-geogmaps
985    @eATLAS MIG
991    @bc-G&M@hG1019@i.E61 1949@tCopy 1@wPREM
    
    Encyclop?dia Britannica world atlas.-Trade ed.-New York : : C. S. Hammond, , 1964.
    viii, 416 p., [140] p. of col. : : maps, 123 p. illus., col. maps. ; ; 43 cm.
    
    
    ISBN
    
●
相关链接 在E读中查询图书 在五车中查询图书 在当当中查询图书 在豆瓣中查询图书


正题名:Encyclop?dia Britannica world atlas     索取号:K991/x23         预约/预借

序号 登录号 条形码 馆藏地/架位号 状态 备注
1 5493   300054937   第二样本阅览室/ [索取号:K991/x23] 在馆    
唐山师范学院图书馆 欢迎您!
大连网信软件有限公司© 版权所有